Central Library OPAC University of Rajshahi

Memory / (Record no. 30449)

MARC details
000 -LEADER
fixed length control field 00726nam a22002417a 4500
001 - CONTROL NUMBER
control field 30449
003 - CONTROL NUMBER IDENTIFIER
rucl marc code BD-RjUL
005 - DATE AND TIME OF LATEST TRANSACTION
control field 20211209051551.0
008 - FIXED-LENGTH DATA ELEMENTS--GENERAL INFORMATION
fixed length control field 140410s1966 enk||||| b||| 001 0 eng d
035 ## - SYSTEM CONTROL NUMBER
System control number (BD-RjUL)30535
040 ## - CATALOGING SOURCE
Original cataloging agency BD-RjUL
Language of cataloging eng
Transcribing agency BD-RjUL
041 ## - LANGUAGE CODE
Language code of text/sound track or separate title eng
082 04 - DEWEY DECIMAL CLASSIFICATION NUMBER
Edition number 20
Classification number 153.12
Author mark and year SMM 1966
100 1# - MAIN ENTRY--PERSONAL NAME
Personal name Smith, Brian.
9 (RLIN) 18971
245 10 - TITLE STATEMENT
Title Memory /
Statement of responsibility, etc. Brian Smith.
260 ## - PUBLICATION, DISTRIBUTION, ETC. (IMPRINT)
Place of publication, distribution, etc. London :
Name of publisher, distributor, etc. Allen & Unwin,
Date of publication, distribution, etc. 1966.
300 ## - PHYSICAL DESCRIPTION
Pagination 214 p. ;
Size 22 cm.
490 ## - SERIES STATEMENT
Series statement Library of philosophy; Muirhead library of philosophy.
504 ## - BIBLIOGRAPHY, ETC. NOTE
Bibliography, etc Includes bibliographical references and index.
650 #0 - SUBJECT ADDED ENTRY--TOPICAL TERM
Topical term or geographic name as entry element Memory.
9 (RLIN) 92518
830 ## - SERIES ADDED ENTRY--UNIFORM TITLE
Uniform title Library of philosophy; Muirhead library of philosophy.
942 ## - ADDED ENTRY ELEMENTS (KOHA)
Source of classification or shelving scheme Dewey Decimal Classification
Koha item type Books
Holdings
Lost status Source of classification or shelving scheme Damaged status Not for loan Collection code Permanent Location Current Location Shelving location Date acquired Source of acquisition Cost, normal purchase price Total Checkouts Full call number Date last seen Copy number Koha item type
  Dewey Decimal Classification   Not For Loan Non-fiction Central Library, University of Rajshahi Central Library, University of Rajshahi Reading Room 27/08/1969 Zeitlinger 40.00   153.12 SMM 1966 10/04/2014 C-1 Books